Economic survey of Japan (1958-1959)

Na minha lista:
Detalhes bibliográficos
Formato: Livro
Idioma:Undetermined
Publicado em: Tokyo The Japan Times, Ltd 1959
Assuntos:
Tags: Adicionar Tag
Sem tags, seja o primeiro a adicionar uma tag!
Thư viện lưu trữ: Trung tâm Học liệu Trường Đại học Cần Thơ
LEADER 00464nam a2200181Ia 4500
001 CTU_105159
008 210402s9999 xx 000 0 und d
082 |a 330.952 
082 |b E17 
245 0 |a Economic survey of Japan (1958-1959) 
260 |a Tokyo 
260 |b The Japan Times, Ltd 
260 |c 1959 
650 |a Japan 
650 |x Economic conditions 
650 |y 1959- 
904 |i Năm 
980 |a Trung tâm Học liệu Trường Đại học Cần Thơ